| 000 | 00811nam a22001577a 4500 | ||
|---|---|---|---|
| 003 | OSt | ||
| 005 | 20151208095930.0 | ||
| 008 | 151208b xxu||||| |||| 00| 0 eng d | ||
| 040 | _cRUA | ||
| 082 | _aATM SRE 2000 B191 Or.1 | ||
| 100 |
_94509 _aSRENG SOKKHEN; ស្រេង សុខខេន. |
||
| 245 | _aThe study of rural credit and credit for small enterprises of the prasac in rolea paear district kampong chhnang province; ការសិក្សាលើឥណទានជនបទ និងឥណទានសហគ្រាសខ្នាតតូច របស់អង្គការប្រាសាក់ នៅស្រុករលាប្អៀរ ខេត្តកំពង់ឆ្នំាង | ||
| 260 |
_aPhnom Penh _bRUA _c2000 |
||
| 300 |
_aviii; 65p. _bill. _c29cm. |
||
| 942 |
_2ddc _cATM |
||
| 999 |
_c4203 _d4203 |
||